| 000 | 00925cam a2200325 4500 | ||
|---|---|---|---|
| 008 | 090401t1996 xxu||||| |||| 00| 0 eng d | ||
| 020 | _a0854067566 | ||
| 035 | _a(Sirsi) u64827 | ||
| 041 | _aeng | ||
| 050 | _a333.337 | ||
| 090 | _aRICS 1996/3ABCD | ||
| 100 | _aHutchison, Norman | ||
| 245 | _aVariations in the capital valuations of UK commercial property. | ||
| 260 |
_aLondon _bRICS _c1996 |
||
| 300 | _a32p. ; 30cm. | ||
| 350 | _a7.95 | ||
| 520 | _aFunding provided by the RICS Education Trust. | ||
| 650 | _aCAPITAL VALUATION | ||
| 650 | _aPROPERTY-COMMERCIAL PROPERTY | ||
| 650 | _aRICS EDUCATION TRUST | ||
| 650 |
_aValuation _96273 |
||
| 690 | _aRATING AND VALUATION | ||
| 700 | _aMacGregor, Bryan | ||
| 700 | _aNanthakumaran, Nanda | ||
| 700 | _aAdair, A. | ||
| 700 | _aMcGreal, Stanley | ||
| 710 |
_aRoyal Institution of Chartered Surveyors _94900 |
||
| 942 | _n0 | ||
| 948 | _c04/03/1997 | ||
| 999 |
_c94709 _d94709 |
||